LDR 01197naa#a2200193#i#450# 001 RU\FGKOU VO SPBU MVD ROSSII\bibl\111036 005 20260429074722.3 011 ## _a2713-0622 100 ## _a20260428b2026####ek#y0rusy0150####ca 102 ## _aRU 200 1# _aПреступления против личности: состояние и основные тенденции _eЖурнальная статья 210 1# _aСанкт-Петербург _cСАНКТ-ПЕТЕРБУРГСКИЙ УНИВЕРСИТЕТ МИНИСТЕРСТВА ВНУТРЕННИХ ДЕЛ РОССИЙСКОЙ ФЕДЕРАЦИИ _d2026 215 ## _a16 с. 608 ## _aЖурнальная статья _2local 675 ## _aПредупреждение преступлений. Уголовная профилактика. Социальные меры предупреждения. Профилактика преступности несовершеннолетних. 343.85 _z 700 #1 _aДворжицкая _gМарина Андреевна 700 #1 _aПисаревская _gЕлена Анатольевна 700 #1 _aРахманова _gЕкатерина Николаевна 856 4# _arussianjournaldeviantbehavior.ru _u